书目信息 |
| 题名: |
现代环境微生物学
|
|
| 作者: | 王兰 主编 | |
| 分册: | ||
| 出版信息: | 北京 化学工业出版社 2006 |
|
| 页数: | 254页 | |
| 开本: | 26cm | |
| 丛书名: | ||
| 单 册: | ||
| 中图分类: | X172 | |
| 科图分类: | ||
| 主题词: | 环境生物学--微生物学 , 环境生物学 , 微生物学 | |
| 电子资源: | ||
| ISBN: | 7-5025-8405-6 | |
| 000 | 00903nam0 2200265 450 | |
| 001 | 003161680 | |
| 005 | 20070805150200.71 | |
| 010 | @a7-5025-8405-6@dCNY36.00 | |
| 035 | @a003161680 | |
| 100 | @a20060104d2006 em y0chiy0110 ea | |
| 101 | 0 | @achi |
| 102 | @aCN@b110000 | |
| 105 | @aa z 000yy | |
| 106 | @ar | |
| 200 | 1 | @a现代环境微生物学@Axian dai huan jing wei sheng wu xue@f王兰主编@Fwang lan zhu bian |
| 210 | @a北京@c化学工业出版社@d2006 | |
| 215 | @a254页@c图@d26cm | |
| 330 | @a本书共分五篇,分别从微生物学基础、微生物生态学、环境微生物监测、环境污染微生物控制以及资源环境微生物五大方面介绍了微生物的类群和结构,微生物在自然界中的分布以及它们的营养、代谢、遗传和变异等。 | |
| 606 | 0 | @a环境生物学@x微生物学 |
| 606 | 0 | @a环境生物学 |
| 606 | 0 | @a微生物学 |
| 690 | @aX172@v4 | |
| 701 | 0 | @a王兰@Awang lan@c(女,@f1966~)@4主编 |
| 801 | 0 | @aCN@bNLC@c20070805 |
| 905 | @dX172@e161@f5 | |
| 现代环境微生物学/王兰主编.-北京:化学工业出版社,2006 |
| 254页:图;26cm |
| ISBN 7-5025-8405-6:CNY36.00 |
| 本书共分五篇,分别从微生物学基础、微生物生态学、环境微生物监测、环境污染微生物控制以及资源环境微生物五大方面介绍了微生物的类群和结构,微生物在自然界中的分布以及它们的营养、代谢、遗传和变异等。 |
| ● |
| 相关链接 |
|
|
|
|
正题名:现代环境微生物学
索取号:X172/161
 
预约/预借
| 序号 | 登录号 | 条形码 | 馆藏地/架位号 | 状态 | 备注 |
| 1 | 0850722 | 208507221 | 第二样本阅览室/ [索取号:X172/161] | 在馆 | |
| 2 | 0850723 | 208507230 | 第三借阅区/ [索取号:X172/161] | 在馆 | |
| 3 | 0850724 | 208507249 | 第三借阅区/ [索取号:X172/161] | 在馆 | |
| 4 | 0850725 | 208507258 | 第三借阅区/ [索取号:X172/161] | 在馆 | |
| 5 | 0850726 | 208507267 | 第三借阅区/ [索取号:X172/161] | 在馆 |